| 000 | 00479pab a2200181 454500 | ||
|---|---|---|---|
| 008 | 180718b2002 xxu||||| |||| 00| 0 eng d | ||
| 100 | _aDesh Bandhu | ||
| 245 | _aMarket-oriented strategy for distance education: a case study of University of Jammu | ||
| 260 | _c2002 | ||
| 300 | _ap.117-23 | ||
| 362 | _a28 Jan | ||
| 650 | _aCase studies | ||
| 650 | _aEducation | ||
| 650 | _aDistance education | ||
| 700 | _aKaur, Gurjeet | ||
| 773 | _aUniversity News | ||
| 909 | _a51511 | ||
| 999 |
_c51511 _d51511 |
||